Statistics for Countries Closest to Pitcairn Island

Click here to take the quiz!

General Stats

  • This quiz has been taken 922 times
  • The average score is 16 of 21

Answer Stats

kmcountrymiles% Correct
2073Chile1288
93%
5622United States3493
92%
4639New Zealand2883
88%
5624Peru3494
88%
4940Ecuador3069
86%
5579Argentina3467
85%
4482Samoa2785
85%
4170Kiribati2591
84%
4997Fiji3105
83%
4561Tonga2834
83%
5559Tuvalu3454
82%
6250Colombia3884
78%
5626Mexico3496
78%
6137Vanuatu3814
76%
6250Brazil3884
68%
6026Guatemala3745
63%
6121El Salvador3804
61%
6194Costa Rica3849
60%
6248Nicaragua3883
58%
2842Cook Islands1766
52%
4130Niue2566
50%

Score Distribution

Percentile by Number Answered

Percent of People with Each Score

Your Score History

You have not taken this quiz